The visitor / (Record no. 1013)

MARC details
000 -LEADER
fixed length control field 01290cam a22002653a 4500
005 - DATE AND TIME OF LATEST TRANSACTION
control field 20250210090647.0
020 ## - INTERNATIONAL STANDARD BOOK NUMBER
International Standard Book Number 0590629786 (pbk.) :
040 ## - CATALOGING SOURCE
Original cataloging agency OCO
Transcribing agency OCO
Modifying agency ECL
-- OCL
-- OCLCQ
-- DLC
Language of cataloging eng
050 00 - LIBRARY OF CONGRESS CALL NUMBER
Classification number PZ7.A6484
082 ## - DEWEY DECIMAL CLASSIFICATION NUMBER
Classification number Fic
100 1# - MAIN ENTRY--PERSONAL NAME
Personal name Applegate, Katherine
245 14 - TITLE STATEMENT
Title The visitor /
Statement of responsibility, etc. K.A. Applegate
260 ## - PUBLICATION, DISTRIBUTION, ETC.
Place of publication, distribution, etc. New York :
Name of publisher, distributor, etc. Scholastic,
Date of publication, distribution, etc. 2011.
300 ## - PHYSICAL DESCRIPTION
Extent 175 pages :
Dimensions 20 cm
490 1# - SERIES STATEMENT
Series statement Animorphs ;
Volume/sequential designation Book 02
500 ## - GENERAL NOTE
General note "An Apple paperback."
505 ## - FORMATTED CONTENTS NOTE
Formatted contents note M <br/>
520 ## - SUMMARY, ETC.
Summary, etc. Rachel is still reeling from the news that the Earth is secretly under attack by parasitic aliens known as the Yeerks. And that she and her friends-five kids who, purely by chance, stumbled onto a downed spacecraft and were given the power to morph into any animal they touch-are the planet's only defense. But Rachel's always been something of a daredevil. So when it's suggested that they infiltrate the home of their assistant principal, Mr. Chapman, who also happens to be a human host of the Yeerks, she volunteers. But what she finds inside may be more than even she can handle.
521 ## - TARGET AUDIENCE NOTE
Target audience note 530 <br/>
Source Lexile <br/>
521 ## - TARGET AUDIENCE NOTE
Target audience note M <br/>
Source Raz-Plus <br/>
655 #7 - INDEX TERM--GENRE/FORM
Genre/form data or focus term Young adult fiction.
Source of term lcsh
906 ## - LOCAL DATA ELEMENT F, LDF (RLIN)
a 7
b cbc
c copycat
d 2
e ncip
f 19
g y-genrareb
942 ## - ADDED ENTRY ELEMENTS (KOHA)
Source of classification or shelving scheme Dewey Decimal Classification
Koha item type Books
Suppress in OPAC No
999 ## -
-- 1013
-- 1013
Holdings
Withdrawn status Lost status Source of classification or shelving scheme Damaged status Not for loan Collection Home library Current library Shelving location Date acquired Total Checkouts Full call number Barcode Date last seen Date last checked out Copy number Price effective from Koha item type
    Dewey Decimal Classification     Juvenile Fiction Footprints International School Library Network Toul Kork Campus Footprints International School Library Network Toul Kork Campus TTP Primary Yellow Bookshelves 07/18/2023 1 APP Fic PZ7.A6484 FIS02319 01/15/2024 01/08/2024 1 07/18/2023 Books